Quizzes
Events
Quiz Creation
Community
Videos
Private Events
Remove Ads
Sign In
Join for FREE
Feedback
Dark Mode
Quiz Categories
Sports
Geography
Music
Movies
Television
Just For Fun
Miscellaneous
History
Literature
Language
Science
Gaming
Entertainment
Religion
Holiday
For Kids
Quiz Lab
Recent
Popular Today
Quiz Kudos Today
Editor Picks
Curator Picks
Quizzes by...
Day
Popularity
Type
Ratings
Length
Year
Community
Subscriptions
Recent Discussions
Orange Saloon
Badges
Playlists
Quests
Create
Leaderboards
Showdown
Live 5
Trivia Bingo
Activity
Puzzle Library
Sporcle Events
Private Events
Virtual Trivia
Globe League
Become a Host
Pub Owners
SporcleCon
Opinionation
Our Games
Videos
Blog
Mobile Apps
Partnerships
Remove Ads and Go Orange
Feedback
Television
TV Characters
TV Show
Sitcom
Network
Friends
Reality Shows
Cast
South Park
Star Trek
The Simpsons
Doctor Who
Television
TV Characters
TV Show
Sitcom
Network
Friends
Reality Shows
Cast
South Park
Star Trek
The Simpsons
Doctor Who
Random Quiz
Search Sporcle
×
Quiz Lab
Quiz Lab
Television
Friends
Type in answers that appear in a list
Type in answers that appear in a list
Classic
Best Score? Go Orange.
F*R*I*E*N*D*S Quiz Stats
Can you name the F*R*I*E*N*D*S Quiz?
By
kamjez
10m
40 Questions
1,504 Plays
1,504 Plays
1,504 Plays
Comments
Comments
Give Quiz Kudos
Give Quiz Kudos
-
- Ratings
hide this ad
No Skip
Answers have to be entered in order without skipping
Answers have to be entered in order without skipping
Replay
Link that replays current quiz
Next Quiz
Link to next quiz in quiz playlist
You Got
0%
They Got
Avg Score
49%
Avg Friend Score
Upgrade to see
Score Distribution
Jump to the score distribution portion of the page
Score
0/40
Timer
10:00
0
Plays Today
Question
Answer
% Correct
?
???
100%
?
???
99%
?
???
96.9%
?
???
95.4%
?
???
95.3%
?
???
95%
?
???
80.9%
?
???
80.9%
?
???
80.4%
?
???
79.3%
?
???
68.9%
?
???
68.8%
?
???
59.9%
?
???
59.6%
?
???
58.8%
?
???
57.8%
?
???
57.8%
?
???
57.4%
?
???
57.4%
?
???
57.4%
Question
Answer
% Correct
?
???
57.2%
?
???
52%
?
???
47.3%
?
???
46.7%
?
???
46.5%
?
???
41.5%
?
???
15.4%
?
???
15%
?
???
14.8%
?
???
14.8%
?
???
14.7%
?
???
14.7%
?
???
14.7%
?
???
14.7%
?
???
14%
?
???
13.2%
?
???
12.8%
?
???
12.5%
?
???
12.5%
?
???
12.2%
Quiz Playlist
Details
Report
Send in Message
Add To Playlist
Classic:
Type in answers that appear in a list
No Skip:
Answers have to be entered in order without skipping
Last Updated: May 30, 2017
Quiz Scoreboard
CHALLENGE
Sign Up to Join the Scoreboard
Show All
Scores
Hide
Comments
May contain spoilers
Recently Published
College Basketball Coaching Resumes
by pancakes188
Sports
9m
Billboard Blitz: Fleetwood Mac
by CooCooCachoo
Music
15s
Presidents Visiting Landmarks
by Hejman
History
7m
More to Explore
Quiz From the Vault
Featured Blog Post
Where Did the Easter Bunny Come From?
hide this ad
You Might Also Like...
Tags
Friends Quiz
TV Theme
Today's Top Quizzes in Television
Browse Television
hide this ad
Today's Top Quizzes in Friends
Browse Friends
Top Contributed Quizzes in Television
1
5-to-1: The Simpsons Families
2
5-to-1: Television Doctors
3
7-to-1: TV Show Settings
4
5-to-1: Streaming Originals
5
One Piece Logic Puzzle
6
Survivor Seasons
7
Survivor Logic Puzzle: Heroes vs. Villains
8
All US Survivor Seasons in Order
9
TV Shows by First Names
10
Survivor Season by Logo
Explore More
Trending Topics
Harry Potter
NBA
Crossword
Marvel
Kpop
Anime
Disney
Country
Pokémon
Soccer
NFL
WWE
The Office
Puzzle
Song
hide this ad
More By:
kamjez
Quiz
Plays
Rating
Category
Featured
Created
Name that WWE Superstar Quotes/Nicknames/Sayings
7,825
1.34
Sports
Feb 6, 2013
Black Ops 2 Everything
3,665
4.10
Gaming
Mar 7, 2013
F*R*I*E*N*D*S Quiz
1,504
2.00
Television
Feb 6, 2013
MW3 Everything
1,070
2.17
Gaming
Nov 11, 2011
Unscramble Superheroes
156
3.33
Just For Fun
Nov 11, 2011
Go to Creator's Profile
Score Distribution
Quiz Creator Spotlight
kamjez
Follow
Send a Message
Quizzes Created
-
Created Quiz Play Count
-
More By This Creator
Popular Quizzes Today
1
Find the US States - No Outlines Minefield
2
Find the Countries of Europe - No Outlines Minefield
3
The Countries of the World
4
Find the US States
5
Risky Map Clicking: Biggest States A-Z
6
US States
7
Popular People in 1961
8
Movies - When Are They Set?
More Television Quizzes
Follow That Line: The Best of Charles Boyle (B99)
Curator's Pick
Trending Quizzes
Risky Map Clicking: Least Populous States A-Z
1-10 Letter G Words
1-10 Letter F Words
Risky Map Clicking: Next State Alphabetically
Risky Map Clicking: Biggest States A-Z
Recently Updated
Leaping Animals
pecheneg
Reality TV Shows (A-Z)
bhenderson79
Rickey Henderson's Hall of Fame Teammates
pecheneg
Champions League XIs: Arsenal
pecheneg
Quick Pick: Celebrities in WWE's Hall of Fame
aduchscher
A-Z Keypad Blitz II
pecheneg
Multiple Oscar Actors
pecheneg
Mystery Phrase Blitz: Oscar 'Best Actors'
pecheneg
F. Scott Fitzgerald Novels
LTH
Pick 3 Villains
ddd62291
Trending Topics
Harry Potter
Disney
Marvel
NBA
Anime
Kpop
Crossword
Country
WWE
Soccer
Song
The Office
Puzzle
NFL
Pokémon
Your Account Isn't Verified!
In order to create a playlist on Sporcle, you need to verify the email address you used during registration. Go to your
Sporcle Settings
to finish the process.
Report this User
Report this user for behavior that violates our
Community Guidelines
.
Details:
Send Report
Go to the Sporcle.com Mobile Site →
Comments